HİÇBİR KARŞILAŞMA TESADÜF DEĞİLDİR F1 18 (Record no. 1116590)

MARC details
000 -LEADER
sabit uzunluktaki kontrol alanı 00277nam a2200097Ia 4500
001 - KONTROL NUMARASI
kontrol alanı 1116590
005 - EN SON İŞLEMİN TARİH VE ZAMANI
kontrol alanı 20250827004049.0
008 - SABİT-UZUNLUKTA VERİ ÖĞELERİ--GENEL BİLGİ
sabit uzunluktaki kontrol alanı 250824s9999 xx 000 0 und d
245 #0 - ESER / YAZAR
ESER ADI HİÇBİR KARŞILAŞMA TESADÜF DEĞİLDİR F1 18
Yazar Adı HAKAN MENGÜÇ
260 ## - YAYIN, DAĞITIM, VB.
YAYIN EVİ DESTEK YAYINLARI
Holdings
Düşüm durumu Kayıp durumu Hasar Durumu Ödünç verilmez Ana kütüphane Geçerli Kütüphane Edinilen tarih Toplam ödünç verme sayısı Barkod Son görüntüleme tarihi Son ödünç verme tarihi Fiyatın geçerli olmaya başladığı tarih Koha materyal türü
        MEHMET ZAHİD KOTKU KIZ ANADOLU İMAM HATİP LİSESİ MEHMET ZAHİD KOTKU KIZ ANADOLU İMAM HATİP LİSESİ 24.08.2025 1 1093535 28.04.2026 13.01.2026 27.08.2025 Books